| 000 | 00760nam a22002537a 4500 | ||
|---|---|---|---|
| 999 |
_c4854 _d4854 |
||
| 001 | 3262 | ||
| 003 | BD-DhUAP | ||
| 005 | 20201123111806.0 | ||
| 008 | 201123s2000 ii a b 001 0 eng d | ||
| 010 | _a 2004101716 | ||
| 020 | _a033394657x. | ||
| 040 |
_aDLC _cDLC _dBD-DhUAP _bEng |
||
| 082 | 0 | 0 |
_223 _a572 NEL |
| 100 | 1 | _aNelson, David L. | |
| 245 | 1 | 0 |
_aLehninger principles of biochemistry / _cDavid L. Nelson and Michael M. Cox. |
| 250 | _a3rd ed. | ||
| 260 |
_aNew Delhi : _bW.H. Freeman, _cc2000. |
||
| 300 |
_avarious pages : _billustrations ; _c28 cm. |
||
| 504 | _aIncludes bibliographical references and index. | ||
| 650 | 0 | _aBiochemistry. | |
| 700 | 1 | _aCox, Michael M. | |
| 942 |
_2ddc _cBK |
||